000 00635nam a2200205 a 4500
001 000035669
005 20240530073920.0
008 111108s2011 dr 000 f spa d
020 _a9789945473575
040 _aDO-SdBNP
_bspa
_cBNPHU
082 _aRD863.5
_bG642v
100 1 _aGonzález Quiñones, Ricardo
_942961
245 1 0 _aEl vuelo de las cuyayas /
_cRicardo González Quiñones.
260 _aSanto Domingo :
_bSantuario,
_c2011.
300 _a121 p. ;
_c22 cm.
590 _aInventariado, 2019/BT
650 0 _aNovela dominicana
_9223
650 0 _aLiteratura dominicana.
_967
910 _aValidado. Control de calidad EMS.
999 _c35160
_d35160